00742nas a2200205 i 4500001000700000003000900007005001700016008004100033022001400074080001900088245009100107260006400198300003800262310002900300362004300329580008900372650003100461852002500492866001900517183709ES-MaACL20250217134913.0140930d19141918gw | | b||pa d a9975-7478 a94(4)"1914/18"00aCrónica de la guerra b: efemérides de la guerra, cartas militares, ilustraciones. a[Berlín : bImprenta y Edición de M. Berg, c1914-1918] a63 p., [16] p. : bil. ; c21 cm. aPeriodicidad desconocida0 aComenzó en ag. 1914; cesó en 1918. aSe edita también en alemán, inglés, francés, italiano, neerlandes y danés.04aGuerra mundial, 1914-1918. aES-MaACLjT-1448-F-1 0oMarzo de 1915